1016 1398 1271 1558 1118 1182 1943 1636 1598 1668 1115 1104 1296 1003 1183 1624 1830 1498 1542 1711 1944 1490 1987 1113 1285 1573 1983 1596 1094 1465 1260 1477 1110 1190 1032 1311 1793 1862 1927 1363 1756 1613 1613 1017 1808 1985 1571 1157 1438 1333 1248 1446 1445 1820 1282 1583 1119 1777 1405 1440 1276 1280 1887 1529 1785 1795 1506 1073 1548 1322 1077 1869 1101 1930 1440 1719 1795 1564 1435 1005 1955 1253 1042 1411 1220 1421 1639 1495 1936 1247 1795 1092 1964 1270 1750 1620 1077 1164 1198 BCNSPRNW ULIB Ver.6.0+V

เปลี่ยนเป็นภาษาไทย

Change to English
 แสดงรายละเอียดบรรณานุกรม
  กลับหน้าหลัก

Brief Record : Get Marc (ISO 2709) : E-mail record : QR code < ปิดหน้าต่าง
LEADER : 00000nam 2200000uu 4500
001    13399115310
003     ULIB
008    120810s2553||||th 000 0 tha d
020    9786165000703
090    นว.^bม623ห
100 0  มุกเรียง
245 00 ห้วงรักนิรมิต /^cมุกเรียง
260    กรุงเทพฯ:^cพิมพ์คำ,^c2553
300    259 หน้า
945    ^p180^l0^i032311
995    เกษร
999 ^a วิภา
รายการนี้ยังไม่มีแท็ก
คุณยังไม่ได้ล็อกอิน คุณสามารถมีกิจกรรมร่วมกับเว็บไซต์ได้ แต่ต้องล็อกอินก่อน ::
  ล็อกอิน

รายการสื่อสารสนเทศ

ลำดับที่ ประเภท เลขเรียก/บาร์โค้ด สถานที่ สถานะ
1. นวนิยาย
นวนิยาย
นว. ม623ห  
  Barcode: 032311
ห้องสมุดวิทยาเขตสวรรค์ประชารักษ์
►นวนิยาย
บนชั้น
  ขอยืม

รายการใกล้เคียง
    ผู้แต่ง [มุกเรียง]

BibComment


ยังไม่เคยถูกคอมเมนท์

คอมเมนท์ทรัพยากรรายการนี้
  คอมเมนท์: ห้วงรักนิรมิต มุ..


 Copyright 2026. Bcnsprnw @Library